| 000 | 01319nam a2200313 i 4500 | ||
|---|---|---|---|
| 001 | bg | ||
| 946 | _uzamówienie stałe | ||
| 245 | 0 | 0 |
_aRola małych regionów w rozwoju społeczno-gospodarczym kraju i integracji europejskiej / _cpod red. Krystiana Heffnera. |
| 260 |
_aWarszawa : _bKPZK PAN, _c2004. |
||
| 300 |
_a240 s. : _bmapy, wykr. ; _c21 cm. |
||
| 490 | 1 |
_aBiuletyn / Polska Akademia Nauk. Komitet Przestrzennego Zagospodarowania Kraju, _x0079-3493 ; _vZ. 211 |
|
| 500 | _aStrescz. ang. | ||
| 504 | _aBibliogr. przy pracach. | ||
| 610 | 2 | 9 |
_aUnia Europejska _xa Polska |
| 650 | 9 | _aIntegracja europejska | |
| 650 | 9 |
_aRegionalizacja gospodarcza _zPolska _yod 1989 r. |
|
| 651 | 9 |
_aPolska _xa Unia Europejska |
|
| 651 | 9 |
_aOpolskie, województwo (od 1999) _xgospodarka |
|
| 651 | 9 |
_aOpolskie, województwo (od 1999) _xludność |
|
| 700 | 1 |
_aHEFFNER, Krystian _d(1951- ). _eRed. |
|
| 830 | 0 |
_aBiuletyn (Polska Akademia Nauk. Komitet Przestrzennego Zagospodarowania Kraju) ; _vZ. 211 |
|
| 020 | _a83896930504 | ||
| 040 | _cBPK | ||
| 041 | 0 |
_apol _heng |
|
| 080 | _a332.1(438):339.92(4-67)]"1989/..." | ||
| 920 | _a83-89693-05-04 | ||
| 942 | _cKS | ||
| 008 | s pl f |000 0 pol | ||
| 999 |
_c44861 _d44861 |
||
| 856 |
_uhttp://koha.tu.koszalin.pl/cgi-bin/koha/opac-detail.pl?biblionumber=44861 _yKatalog online BPK |
||